| 000 | 00456nam a2200181Ia 4500 | ||
|---|---|---|---|
| 001 | 4765 | ||
| 005 | 20260306145819.0 | ||
| 008 | 260306t2016||||xx |||||||||||||| ||spa|| | ||
| 041 | _aESP | ||
| 082 |
_a330.015195 _bW67 |
||
| 100 |
_aWinkelried, Diego _eAUT |
||
| 245 | 0 | _aEconometrĂa de series de tiempo, enfoque de Monte Carlo | |
| 260 | _c2016 | ||
| 300 |
_ax, 159 páginas : _c22 cm. |
||
| 650 | _aGEN | ||
| 654 | _aCAN | ||
| 942 |
_cLIB _dJUS _fJUS _2ddc _n |
||
| 999 |
_c4765 _d4765 |
||